National Parks of Canada with Map - Statistics

General Stats
  • This quiz has been taken 976 times
  • The average score is 12 of 48
Answers on the Map
Answers color-coded by a green-red scale on the quiz's map according to % correct below.
 
Answer Stats
Location Site Answer % Correct
Alberta Park Banff
95%
Alberta Park Jasper
79%
British Columbia Park Yoho
48%
British Columbia Park Glacier
45%
Alberta, Northwest Territories Park Wood Buffalo
40%
Nova Scotia Park Cape Breton Highlands
38%
British Columbia Park Kootenay
36%
New Brunswick Park Fundy
35%
British Columbia Reserve Pacific Rim
34%
Alberta Park Waterton Lakes
34%
Prince Edward Island Park Prince Edward Island
33%
Newfoundland and Labrador Park Gros Morne
32%
Ontario Park Point Pelee
32%
British Columbia Park Mount Revelstoke
31%
Nova Scotia Reserve Sable Island
29%
Alberta Park Elk Island
27%
Yukon Park & Reserve Kluane
27%
Saskatchewan Park Grasslands
26%
Ontario Park Thousand Islands
26%
Ontario Park Bruce Peninsula
25%
Northwest Territories Reserve Nahanni
24%
British Columbia Reserve Gwaii Haanas
23%
Saskatchewan Park Prince Albert
23%
Manitoba Park Riding Mountain
22%
British Columbia Reserve Gulf Islands
20%
Newfoundland and Labrador Park Terra Nova
20%
Newfoundland and Labrador Park Torngat Mountains
20%
Quebec Park Forillon
19%
Ontario Park Rouge
19%
Ontario Park Pukaskwa
18%
Manitoba Park Wapusk
18%
Quebec Park La Mauricie
17%
Yukon Park Ivvavik
16%
Nova Scotia Park Kejimkujik
16%
Ontario Park Georgian Bay Islands
15%
New Brunswick Park Kouchibouguac
14%
Quebec Reserve Mingan Archipelago
14%
Yukon Park Vuntut
14%
Newfoundland and Labrador Reserve Akami-Uapishk/KakKasuak/Mealy Mountains
13%
Northwest Territories Park Aulavik
13%
Nunavut Park Auyuittuq
12%
Nunavut Park Quttinirpaaq
12%
Northwest Territories Park Tuktut Nogait
12%
Northwest Territories Reserve Nááts'ihch'oh
11%
Nunavut Park Sirmilik
10%
Northwest Territories Reserve Thaidene Nene
10%
Nunavut Park Ukkusiksalik
9%
Nunavut Park Qausuittuq
8%
No matching quizzes found
Score Distribution
Percent of People with Each Score
Percentile by Number Answered
Your Score History
You have not taken this quiz